| 000 | 00416nam a2200169Ia 4500 | ||
|---|---|---|---|
| 008 | 221030s9999 xx 000 0 und d | ||
| 020 | _a8174468956 | ||
| 041 | _aEnglish | ||
| 082 | _a105.23 | ||
| 100 | _aV. S. P. Rao | ||
| 245 | 0 |
_aHuman Resource Management : Text & Cases _cby V. S. P. Rao |
|
| 250 | _a3rd | ||
| 260 |
_bExcel Books _aNew Delhi _c2011 |
||
| 300 | _a839 | ||
| 650 | _aManagement | ||
| 942 | _cBK | ||
| 999 |
_c10119 _d10119 |
||